[Event "AUTO-BEG-329"]
[Site "http://www.queenalice.com/game.php?id=622300"]
[Date "2009.7.21"]
[Round "1"]
[White "brusantos"]
[Black "rmartinez"]
[Result "0-1"]
[WhiteElo "1339"]
[BlackElo "1304"]

1. e4 c5 2. Bc4 e6 3. Nf3 Nc6 4. O-O d5 5. exd5 exd5 6. Bb5 Be6 7. Ne5 Qc7 8. d4
Bd6 9. Bf4 a6 10. Bxc6+ bxc6 11. Nc3 f6 12. Qh5+ Kd8 13. Ng6 Bf7 14. Bxd6 Qxd6
15. dxc5 Qc7 16. Nxd5 cxd5 17. Qf5 hxg6 18. Qd3 Qxh2# 0-1

[Event "AUTO-BEG-329"]
[Site "http://www.queenalice.com/game.php?id=622301"]
[Date "2009.7.21"]
[Round "1"]
[White "rmartinez"]
[Black "brusantos"]
[Result "1-0"]
[WhiteElo "1199"]
[BlackElo "1213"]

1. e4 e5 2. Nf3 Nc6 3. d4 exd4 4. Nxd4 Nxd4 5. Qxd4 d6 6. Nc3 c5 7. Bb5+ Ke7 8.
Nd5+ Ke6 9. Qd3 Nf6 10. Qh3+ Ke5 11. f4+ Kxe4 12. Qf3+ Kf5 13. Bd3+ 1-0

[Event "Challenge"]
[Site "http://www.queenalice.com/game.php?id=627896"]
[Date "2009.7.31"]
[Round "-"]
[White "kly"]
[Black "brusantos"]
[Result "0-1"]
[WhiteElo "1230"]
[BlackElo "1554"]

1. c3 d5 2. d4 c5 3. f3 Nc6 4. e4 e6 5. h4 Bd6 6. Bg5 Nf6 7. Ne2 h6 8. Be3 b6 9.
Na3 Ba6 10. b4 cxb4 11. cxb4 Bxb4+ 12. Bd2 Bxa3 13. g4 Bb2 14. Rb1 Bxd4 15. Bc3
Bxc3+ 16. Nxc3 Bxf1 17. Rxf1 dxe4 18. Rb2 Qxd1+ 19. Kxd1 exf3 20. Rxf3 O-O 21.
g5 hxg5 22. hxg5 Nd5 23. Rh2 Ne5 24. Rfh3 Nxc3+ 25. Kc2 Ng6 26. Kxc3 Rac8+ 27.
Kd3 Nf4+ 28. Ke3 Nxh3 29. Rxh3 Rc3+ 30. Kf4 Rxh3 31. Kg4 Ra3 32. Kh5 Rxa2 33. g6
e5 34. Kg5 Rg2+ 35. Kf5 fxg6+ 36. Ke6 e4 37. Kd6 e3 38. Kc7 e2 39. Kb7 e1=Q 40.
Kxa7 Qc3 41. Kxb6 Rb2+ 42. Ka7 Qa3# 0-1

[Event "Let's Play Chess!"]
[Site "http://www.queenalice.com/game.php?id=634862"]
[Date "2009.8.12"]
[Round "-"]
[White "brusantos"]
[Black "Conde7"]
[Result "0-1"]
[WhiteElo "1407"]
[BlackElo "2533"]

1. d4 d5 2. c4 dxc4 3. e3 e5 4. Bxc4 exd4 5. exd4 Nf6 6. Nf3 Bd6 7. O-O O-O 8.
Bg5 Bg4 9. h3 Bxf3 10. Qxf3 Nc6 11. Bxf6 Qxf6 12. Qxf6 gxf6 13. d5 Ne5 14. Be2
Nd7 15. Nc3 Nb6 16. Rad1 Rad8 17. a4 a5 18. Nb5 Be5 19. Nc3 Bxc3 20. bxc3 Rxd5
21. Rxd5 Nxd5 22. c4 Nc3 23. Bd1 Rd8 24. Bc2 Rd2 25. Bb3 Rb2 26. Bd1 Rb4 27. c5
Nxa4 28. Bxa4 Rxa4 29. Rc1 b5 30. cxb6 cxb6 31. Rc8+ Kg7 32. Rb8 Rb4 33. g3 a4
34. Kf1 Rb5 35. Ke2 a3 0-1

[Event "Challenge"]
[Site "http://www.queenalice.com/game.php?id=635517"]
[Date "2009.8.13"]
[Round "-"]
[White "brusantos"]
[Black "felipebd21"]
[Result "1-0"]
[WhiteElo "1362"]
[BlackElo "1355"]

1. d4 d5 2. c4 dxc4 3. e3 e6 4. Bxc4 Nc6 5. Nf3 f5 6. O-O Nf6 7. Nc3 Bd6 8. Ne5
Nxe5 9. dxe5 Bxe5 10. Qxd8+ Kxd8 11. f4 Bd6 12. a3 a6 13. a4 e5 14. fxe5 Bxe5
15. Nd5 c6 16. Nb6 Rb8 17. Nxc8 Rxc8 18. Be6 Rc7 19. Bxf5 b5 20. axb5 cxb5 21.
Rxa6 Ke7 22. Re6+ Kf7 23. Rxe5 Re8 24. Rxe8 Kxe8 25. b4 g6 26. Bd3 Nd5 27. Bxb5+
Ke7 28. Bd2 h5 29. e4 Nc3 30. Bxc3 Rxc3 31. Rb1 Ke6 32. Rd1 Ke5 33. Be8 1-0

[Event "Challenge"]
[Site "http://www.queenalice.com/game.php?id=636165"]
[Date "2009.8.14"]
[Round "-"]
[White "Legiao"]
[Black "brusantos"]
[Result "0-1"]
[WhiteElo "1133"]
[BlackElo "1469"]

1. e3 d5 2. e4 dxe4 3. Bc4 Nf6 4. g4 Bxg4 5. f3 exf3 6. h3 f2+ 7. Kxf2 Bxd1 8.
Na3 e5 9. d3 Bc5+ 10. Ke1 Bh5 11. Ne2 Bxe2 12. Kxe2 Nh5 13. Rf1 Ng3+ 14. Ke1
Nxf1 15. Kxf1 Qh4 16. Nb5 Qf2# 0-1

[Event "AUTO-BEG-335"]
[Site "http://www.queenalice.com/game.php?id=639633"]
[Date "2009.8.20"]
[Round "1"]
[White "brusantos"]
[Black "maurice91"]
[Result "1/2-1/2"]
[WhiteElo "1542"]
[BlackElo "1445"]

1. e4 d6 2. d4 c6 3. Nf3 Bg4 4. Be2 Nd7 5. h3 Bxf3 6. Bxf3 e5 7. dxe5 Nxe5 8.
O-O Be7 9. Nc3 Nf6 10. Bg5 O-O 11. Bxf6 Bxf6 12. Re1 Rb8 13. a4 a5 14. Na2 b5
15. b3 b4 16. Rb1 c5 17. c3 Qb6 18. cxb4 cxb4 19. Nc1 Nxf3+ 20. Qxf3 Bc3 21. Re2
Rbc8 22. Rc2 Qb7 23. Ne2 f5 24. Nxc3 fxe4 25. Qe3 bxc3 26. Rxc3 Rxc3 27. Qxc3
Qb6 28. Qc4+ Kh8 29. Qxe4 Qxf2+ 30. Kh1 Qf5 31. Qxf5 Rxf5 32. b4 axb4 33. Rxb4
h6 34. Rb5 Rf7 35. Rb8+ Kh7 36. Ra8 d5 37. a5 d4 38. a6 Kg6 39. Rb8 Ra7 40. Rd8
Rxa6 1/2-1/2

[Event "AUTO-BEG-335"]
[Site "http://www.queenalice.com/game.php?id=639634"]
[Date "2009.8.20"]
[Round "1"]
[White "maurice91"]
[Black "brusantos"]
[Result "0-1"]
[WhiteElo "1394"]
[BlackElo "1405"]

1. f4 d5 2. Nf3 c5 3. e3 Nc6 4. Be2 Bg4 5. O-O e6 6. c3 Bd6 7. d4 cxd4 8. cxd4
Nf6 9. Nc3 Bf5 10. Ne5 Nb4 11. Bd3 Nxd3 12. Nxd3 Ne4 13. a3 O-O 14. g4 Nxc3 15.
bxc3 Be4 16. h4 Qxh4 17. Nf2 Qg3# 0-1

[Event "AUTO-BEG-335"]
[Site "http://www.queenalice.com/game.php?id=639635"]
[Date "2009.8.20"]
[Round "1"]
[White "brusantos"]
[Black "danielrodrigues"]
[Result "0-1"]
[WhiteElo "1580"]
[BlackElo "1564"]

1. e4 e5 2. Nf3 Nc6 3. Bb5 d6 4. h3 Nf6 5. Nc3 Bd7 6. a3 Be7 7. O-O O-O 8. b4 a6
9. Bc4 Nd4 10. Re1 c5 11. d3 b5 12. Bd5 Rb8 13. Bb2 cxb4 14. axb4 Be6 15. Bxe6
Nxe6 16. Rxa6 Nf4 17. Bc1 d5 18. Nxe5 Bxb4 19. Nc6 Qc7 20. Bxf4 Qxf4 21. Nxb4 d4
22. Ncd5 Nxd5 23. Nxd5 Qg5 24. Qb1 f5 25. exf5 Qxf5 26. Ne7+ Kh8 27. Nxf5 g6 28.
Nxd4 h5 29. Ne6 Rf6 30. Qb2 b4 31. Qxf6+ Kh7 32. Ng5+ Kg8 33. Re7 b3 0-1

[Event "AUTO-BEG-335"]
[Site "http://www.queenalice.com/game.php?id=639636"]
[Date "2009.8.20"]
[Round "1"]
[White "danielrodrigues"]
[Black "brusantos"]
[Result "1-0"]
[WhiteElo "1594"]
[BlackElo "1563"]

1. e4 e5 2. Nf3 Nc6 3. d3 Bc5 4. Nc3 Nf6 5. Be2 h6 6. O-O d6 7. Nd5 Be6 8. c4
Bg4 9. Bd2 Nd4 10. Be3 Nxe2+ 11. Qxe2 Bxe3 12. Qxe3 Bxf3 13. Qxf3 Nxd5 14. cxd5
O-O 15. b4 Qd7 16. a4 f5 17. b5 fxe4 18. Qxe4 Rf4 19. Qg6 Re8 20. a5 Qxb5 21.
Rfb1 Rf6 22. Qh5 Qd7 23. Rxb7 a6 24. d4 exd4 25. Ra7 Re5 26. Qd1 Rxd5 27. Ra8+
Kh7 28. Rxa6 Rg5 29. Ra8 Qh3 30. g3 Rh5 31. Qd3+ g6 32. Qxd4 Qxh2+ 33. Kf1 1-0

[Event "Let's Play Chess!"]
[Site "http://www.queenalice.com/game.php?id=664219"]
[Date "2009.10.7"]
[Round "-"]
[White "brusantos"]
[Black "Bergman"]
[Result "0-1"]
[WhiteElo "1530"]
[BlackElo "2862"]

1. e4 d6 2. d4 Nf6 3. Nc3 g6 4. h3 Bg7 5. Nf3 O-O 6. Be2 c5 7. d5 b5 8. Qd3 b4
9. Nb1 e6 10. dxe6 Bxe6 11. Bg5 h6 12. Bf4 g5 13. Nxg5 hxg5 0-1

[Event "Let's Play Chess!"]
[Site "http://www.queenalice.com/game.php?id=664220"]
[Date "2009.10.7"]
[Round "-"]
[White "brusantos"]
[Black "Bergman"]
[Result "0-1"]
[WhiteElo "1532"]
[BlackElo "2861"]

1. e4 g6 2. d4 Bg7 3. Nf3 d6 4. h3 Nf6 5. Nc3 Nc6 6. Bb5 O-O 7. O-O a6 8. Bd3 e5
9. d5 Nd4 10. Re1 c5 11. Ne2 Nxf3+ 12. gxf3 Nh5 0-1

[Event "AUTO-BEG-328"]
[Site "http://www.queenalice.com/game.php?id=676526"]
[Date "2009.11.2"]
[Round "2"]
[White "danielrodrigues"]
[Black "brusantos"]
[Result "1-0"]
[WhiteElo "1526"]
[BlackElo "1618"]

1. e4 e5 2. Nf3 Nc6 3. d3 Bc5 4. Nc3 Nf6 5. Bd2 d6 6. Be2 a6 7. Nd5 h6 8. O-O
Bg4 9. c4 Nd4 10. Be3 Nxe2+ 11. Qxe2 Bxe3 12. Qxe3 Nxd5 13. Qe2 Qg5 14. a3 1-0

[Event "AUTO-BEG-328"]
[Site "http://www.queenalice.com/game.php?id=676527"]
[Date "2009.11.2"]
[Round "2"]
[White "brusantos"]
[Black "danielrodrigues"]
[Result "0-1"]
[WhiteElo "1598"]
[BlackElo "1546"]

1. e4 e5 2. Nf3 d6 3. Bc4 Nf6 4. Nc3 Be7 5. h3 Nc6 6. d3 O-O 7. Bg5 a6 8. Qe2
Nb4 9. a3 Nc6 10. a4 Nd4 11. Nxd4 exd4 12. Nd5 c5 13. Nxe7+ Qxe7 0-1